000 00650nam a2200289Ia 4500
005 20260324115803.0
008 008 260324s9999 xx 000 0 eng d
020 _a9780429083600
037 _aEBOOK
040 _aCRL
040 _beng
040 _cCRL
041 _2eng
041 _aeng
084 _qCRL
100 _aDan Zhang
_9902588
245 0 _aR for Programmers
245 0 _bMastering the Tools
260 _bTaylor and Francis
260 _c2016
365 _a
365 _b405
856 _uhttp://www.taylorfrancis.com/books/9780429083600
942 _cEBOOK
999 _c1747132
_d1747132